| 000 | 01738nab a2200253 i 4500 | ||
|---|---|---|---|
| 001 | 768714001 | ||
| 003 | CO-MdFUSB | ||
| 005 | 20240627103127.0 | ||
| 008 | 240627t1998 us ||||| |||| 00| 0 eng d | ||
| 040 |
_bspa _cCO-MdFUSB _dCO-MdFUSB |
||
| 041 | _aeng | ||
| 100 |
_aDharmaraj, Glory E., _d1945- _eautor |
||
| 245 | 1 |
_aWomen as border-crossing agents : _btransforming the center from the margins _c/ Glory E. Dharmaraj |
|
| 520 | _aSi bien las mujeres han sido marginadas en las sociedades, al estar en misión se han esforzado por eliminar la marginalidad de aquellos a quienes sirven. Ser a la vez objetos y sujetos de la misión es una situación peculiar de las mujeres en misión. Este artículo examina cómo las mujeres comprometidas en la misión negocian con el centro, es decir, el patriarcado. Se someten a él, lo eluden, lo desafían y lo transforman. Este artículo busca examinar las relaciones de las mujeres entre el centro y el margen desde el período romano temprano hasta el presente, y explorar brevemente cómo la División de Mujeres de la Iglesia Metodista Unida ha sido fundamental para liderar a toda la denominación en el área de la justicia racial: un ejemplo de margen transformando el centro. | ||
| 546 | _aTexto en inglés. | ||
| 650 | 0 |
_aMujeres _xAspectos religiosos _xCristianismo _9326 |
|
| 650 | 7 |
_aEstudios sobre las mujeres _97151 |
|
| 650 | 0 |
_aMisiones _9154 |
|
| 650 | 7 |
_aAntropología cultural y social _96714 |
|
| 653 | _a División de Mujeres de la Iglesia Metodista Unida | ||
| 773 | 0 |
_049486 _961110 _d Pasadena _oR0904 _tMissiology: _w(CO-MdFUSB)97 _gVolumen 26, (número 1, 1998) páginas: 55 - 66 _qpágina: 55 |
|
| 942 | _cANA | ||
| 945 | _aCatherine Arias Álvarez - Practicante SENA | ||
| 999 |
_c70397 _d70397 |
||